Normal view
MARC view
- Michal R. Czinkota & Ilkka A . Ron nainen
Entry Personal Name
001 - CONTROL NUMBER
- control field: 2737
003 - CONTROL NUMBER IDENTIFIER
- control field: OSt
005 - DATE AND TIME OF LATEST TRANSACTION
- control field: 20191224143147.0
008 - FIXED-LENGTH DATA ELEMENTS
- fixed length control field: 191224|| aca||aabn | a|a d
040 ## - CATALOGING SOURCE
- Original cataloging agency: OSt
- Transcribing agency: OSt
100 ## - HEADING--PERSONAL NAME
- Personal name: Michal R. Czinkota & Ilkka A . Ron nainen
670 ## - SOURCE DATA FOUND
- Source citation: Work cat.: (OSt)2037: Czinkota, Michael R. & Ilkka A . Ron nainen 2735, International Marketing Strategy, 1994
